[Event "Olympiad Women-44"]
[Site "Chennai"]
[Date "2022.08.02"]
[Round "5.2"]
[White "Kapali, Binita"]
[Black "Pires, Luzia"]
[Result "0-1"]
[WhiteElo "1511"]
[BlackElo "1842"]
[PlyCount "84"]
[EventDate "2022.07.29"]
[EventType "team-swiss"]
[EventRounds "11"]
[EventCountry "IND"]
[SourceTitle "CBM 210"]
[Source "ChessBase"]
[SourceDate "2022.10.31"]
[SourceVersion "1"]
[SourceVersionDate "2022.10.31"]
[SourceQuality "1"]
[WhiteTeam "Nepal (W)"]
[BlackTeam "Angola (W)"]
[WhiteTeamCountry "NEP"]
[BlackTeamCountry "ANG"]

1. e4 c5 2. Nc3 d6 3. Bb5+ Bd7 4. Bc4 Nf6 5. d3 g6 6. f4 Nc6 7. Nge2 Bg7 8. 0-0 0-0 9. Ng3 Na5 10. Bb5 Bg4 11. Qe1 a6 12. Ba4 b5 13. Bb3 Nxb3 14. axb3 Bd7 15. f5 Bc6 16. Nce2 Ng4 17. Nf4 b4 18. fxg6 hxg6 19. Qd1 Bd4+ 20. Kh1 Nf2+ 21. Rxf2 Bxf2 22. Qg4 Bd7 23. Nf5 Bxf5 24. exf5 Bd4 25. fxg6 fxg6 26. Qxg6+ Bg7 27. Bd2 Rf6 28. Qg4 Qc8 29. Qg3 Qf5 30. c3 e5 31. Ne2 Rg6 32. Qh4 Rf8 33. Qc4+ Kh7 34. Ng3 Qf2 35. Qh4+ Kg8 36. Qc4+ Kh7 37. Qh4+ Bh6 38. Bxh6 Rxh6 39. Qe4+ Kh8 40. Ne2 Rh4 41. Qd5 Qxe2 42. Qxd6 Rf1+ 0-1

[Event "Olympiad Women-44"]
[Site "Chennai"]
[Date "2022.07.31"]
[Round "3.2"]
[White "Chaves, Jussara"]
[Black "Kapali, Binita"]
[Result "1-0"]
[WhiteElo "1933"]
[BlackElo "1511"]
[PlyCount "127"]
[EventDate "2022.07.29"]
[EventType "team-swiss"]
[EventRounds "11"]
[EventCountry "IND"]
[SourceTitle "CBM 210"]
[Source "ChessBase"]
[SourceDate "2022.10.31"]
[SourceVersion "1"]
[SourceVersionDate "2022.10.31"]
[SourceQuality "1"]
[WhiteTeam "Portugal (W)"]
[BlackTeam "Nepal (W)"]
[WhiteTeamCountry "POR"]
[BlackTeamCountry "NEP"]

1. f4 Nf6 2. b3 d5 3. Nf3 c5 4. Bb2 Nc6 5. e3 Bf5 6. Bb5 a6 7. Bxc6+ bxc6 8. Ne5 Qd6 9. Nc3 g6 10. Na4 Bg7 11. Ba3 Nd7 12. Nxd7 Bxd7 13. Bxc5 Qc7 14. Rc1 Rb8 15. 0-0 Be6 16. Qe2 a5 17. d3 0-0 18. e4 Rfe8 19. f5 Bd7 20. Qf2 dxe4 21. dxe4 f6 22. Rcd1 Bf8 23. Bb6 Qb7 24. Qd4 Bc8 25. Bxa5 e5 26. fxe6 Bg7 27. Nc5 Qe7 28. Bd8 Qf8 29. Qc4 Rb5 30. e7+ Qf7 31. Qxf7+ Kxf7 32. Nd3 Bh6 33. e5 Be3+ 34. Kh1 Bf5 35. exf6 Bd4 36. a4 Rb7 37. a5 Bxf6 38. a6 Ra7 39. Nc5 Bxc2 40. Rd2 Bf5 41. h3 Bxe7 42. Bb6 Raa8 43. g4 Bxc5 44. Bxc5 Re5 45. b4 Rxa6 46. gxf5 Ra3 47. fxg6+ Kxg6 48. Rg2+ Kh5 49. Kh2 Rd5 50. Rg3 Rd2+ 51. Rf2 Rxf2+ 52. Bxf2 Ra2 53. Kg2 Rb2 54. Rg4 Rc2 55. Kf3 Rc3+ 56. Be3 Rb3 57. Rc4 Rb2 58. Rc5+ Kg6 59. Rxc6+ Kf7 60. Rc4 Rb3 61. h4 Kg6 62. Ke4 h5 63. Bg5 Kf7 64. Kd5 1-0